| 000 | 00367nam a2200133Ia 4500 | ||
|---|---|---|---|
| 008 | 240624s9999 xx 000 0 und d | ||
| 041 | _aeng | ||
| 082 | _a338.06409481 FAG | ||
| 100 | _aFAGERBERG JAN | ||
| 245 | _aINNOVATION PATH DEPENDENCY AND POLICY TH | ||
| 260 |
_c2014 _aNew Delhi _bOxford University Press |
||
| 300 | _axvii, 387 p.; 23 cm. | ||
| 365 |
_cBPS _b38 |
||
| 999 |
_c31158 _d31158 |
||